000 01074cab a2200205 4500
001 L136447
008 070131n2007 000 0 eng u
035 _a(Sirsi) u136447
041 0 _aeng
110 1 _aInstitute of Directors
_9795
245 0 0 _aUK transport policy for the 21st century
_h[electronic resource]
260 _c2007
520 _aSets out the Institute of Directors' views on the main transport issues following publication of Sir Rod Eddington's transport study in December. It endorses Sir Rod's call for the government to take a strategic approach to transport, focusing on priority areas where congestion and overcrowding could potentially act as a constraint on UK economic growth and competitiveness.
590 _aKA
650 2 4 _aEDDINGTON TRANSPORT STUDY
651 4 _aUnited Kingdom
_y
690 _aPROPERTY-INFRASTRUCTURE-TRANSPORT INFRASTRUCTURE
856 4 0 _uhttps://www.iod.com/MainWebSite/Resources/Document/policy_paper_transport_policy_2007.pdf
_zView the policy paper free of charge online at the www.iod.com website.
942 _n0
999 _c78298
_d78298